Guess the Beanie Baby Animal Quiz Stats

 Plays Quiz Updated Aug 31, 2017

Also try: Name the Toy
Challenge
Share
Tweet
Embed
Score 0/50 Timer 07:00
0 Plays Today
Beanie Baby Name Animal Type % Correct
Bumble the...Bee
97.1%
Swinger the...Monkey
91.5%
Giraffiti the...Giraffe
90%
Carrots the...Bunny
87.1%
Quackers the...Duck
86.4%
Frisbee the...Dog
86.1%
Howl the...Wolf
82%
Goatee the...Mountain Goat
81.7%
Stinky the..Skunk
81.4%
Baldy the...Eagle
80.3%
Pouch the...Kangaroo
80.2%
Pride the...Lion
79.5%
Derby the...Horse
78.3%
Nuts the...Squirrel
77.7%
Echo the...Dolphin
76.7%
Bubbles the...Fish
75.7%
Eucalyptus the...Koala
73.2%
Tux the...Penguin
73.2%
Flutter the...Butterfly
73%
Peace the...Bear
72.4%
China the...Panda
71.8%
Radar the...Bat
68%
Splash the...Whale
67%
Pinchers the...Lobster
65.3%
Knuckles the...Pig
65.2%
Beanie Baby Name Animal Type % Correct
Caw the...Crow
65.2%
Prickles the...Hedgehog
59.3%
Breadcrumbs the...Mouse
54.7%
Bananas the...Orangutan
49.9%
Iggy the...Iguana
48.6%
Tusk the...Walrus
47.9%
Rex the...Tyrannosaurus
45.5%
Olé the...Bull
43.6%
Timber the...Beaver
43.1%
Pinky the...Flamingo
42.9%
Chompers the...Shark
41.7%
Chocolate the...Moose
30.7%
Scoop the...Pelican
30.1%
Peekaboo the...Turtle
27.6%
Midnight the...Black Panther
23%
Gracie the..Swan
19.8%
Morrie the...Eel
19.8%
Stilts the...Stork
18.2%
Doodle the...Rooster
18.1%
Cheeks the...Baboon
16.3%
Spike the...Rhinoceros
15.2%
Leftover the...Turkey
13.9%
Wish the...Starfish
12%
Twitch the...Guinea pig
10.4%
Canyon the...Cougar
9.5%

You're not logged in!

Compare scores with friends on all Sporcle quizzes.
OR
Log In

You Might Also Like...

Show Comments

Extras

Top Quizzes Today


Score Distribution

Your Account Isn't Verified!

In order to create a playlist on Sporcle, you need to verify the email address you used during registration. Go to your Sporcle Settings to finish the process.

Report this User

Report this user for behavior that violates our Community Guidelines.

Details: